000 00429nam a22001577a 4500
005 20251108165417.0
008 250721s1991 xx 000 0 ara d
082 1 4 _a943/قسم
245 1 0 _aالهروب عبر جدار برلين /
264 1 _aبيروت :
_bمؤسسة الإيمان،
_c1991.
300 _a175ص
650 1 7 _aألمانيا
650 1 7 _aتاريخ ألمانيا
942 _2ddc
_cBK
999 _c27235
_d27235